000 00759nam a2200253Ia 4500
003 OSt
005 20220918214514.0
006 a|||||r|||| 00| 0
007 ta
008 220917b |||||||| |||| 00| 0 eng d
024 _a137,737
037 _cTextual
040 _aARTS
_cARTS
_beng
041 _2eng
_aeng
082 _aY:356(Q:427).245, L7
100 _aMajupuria Indra
_9131542
245 0 _aMarriage customs in Nepal
_b Ethnic groups their marriage customs and traditions
260 _aNA
_bNA
_c1977
300 _a204p.
_ccm.
650 _aSOCIOLOGY
700 _a Majupuria Trilok Chandra
_9131543
942 _hY:356(Q:427).245, L7
_cTEXL
_2CC
999 _c260816
_d260816